[Event "Olimpiade 2024 - Donne"]
[Site "Budapest"]
[Date "15.09.2024"]
[Round "5.29"]
[Board "2"]
[White "Acevedo Mendez, Jennifer"]
[Black "Nguyen, Thu Giang"]
[Result "1/2-1/2"]
[WhiteTitle "WFM"]
[BlackTitle "WFM"]
[WhiteElo "1836"]
[BlackElo "2068"]
[WhiteTeam "Costa Rica"]
[BlackTeam "Australia"]
[WhiteFideId "6504442"]
[BlackFideId "12400980"]
[EventDate "2024.09.11"]

1. e4 c6 2. d4 d5 3. e5 c5 4. c3 cxd4 5. cxd4 Nc6 6. Be2 Bf5 7. Nc3 e6 8. a3 Qb6
9. Nf3 Bg4 10. Na4 Qc7 11. O-O Nge7 12. Bf4 Bxf3 13. Bxf3 Nf5 14. Rc1 Rc8 15.
Be3 Be7 16. Qd2 O-O 17. b4 b5 18. Nc5 a5 19. Be2 axb4 20. axb4 Nxe3 21. fxe3 Bg5
22. Bxb5 Qe7 23. Bxc6 Rxc6 24. Qd3 Rb6 25. b5 f6 26. exf6 gxf6 27. Ra1 e5 28.
Qb3 exd4 29. Qxd5+ Qf7 30. Qxd4 Rxb5 31. Ne4 Qe6 32. Nxg5 Rxg5 33. Rf4 Rg6 34.
Qc4 Qxc4 35. Rxc4 Rf7 36. Kf2 Re7 37. Kf3 Kg7 38. Rac1 Re5 39. Rf4 Re7 40. Rc6
Kf7 41. h4 Rh6 42. g3 Kg7 43. Rfc4 Rh5 44. Rc7 Re5 45. Rxe7+ Rxe7 46. Kf4 h5 47.
e4 Re5 48. Rd4 Kg6 49. Rd5 Re8 50. Rb5 Re7 51. Rb8 Re5 52. Rg8+ Kf7 53. Rd8 Kg6
54. Rg8+ Kf7 55. Rd8 Kg6 56. Rg8+ 1/2-1/2

[Event "Olimpiade 2024 - Donne"]
[Site "Budapest"]
[Date "15.09.2024"]
[Round "5.29"]
[Board "4"]
[White "Canales Chinchilla, Victoria"]
[Black "Vincent, Alaina"]
[Result "0-1"]
[BlackTitle "WFM"]
[WhiteElo "1825"]
[BlackElo "1976"]
[WhiteTeam "Costa Rica"]
[BlackTeam "Australia"]
[WhiteFideId "6525490"]
[BlackFideId "46608931"]
[EventDate "2024.09.11"]

1. e4 c5 2. Nf3 e6 3. d4 cxd4 4. Nxd4 a6 5. Bd3 b5 6. O-O Bb7 7. Be3 Qc7 8. Nd2
Nf6 9. Rc1 d6 10. c4 b4 11. Qa4+ Nbd7 12. Qxb4 Nc5 13. Qc3 Ncxe4 14. Nxe4 Bxe4
15. Bxe4 Nxe4 16. Qc2 Nf6 17. h3 Be7 18. b4 O-O 19. Rfd1 Rfc8 20. Qd3 h6 21. Rc2
Qb7 22. a3 Rc7 23. Rdc1 Rac8 24. f3 Nd7 25. Nb3 Bf8 26. Bf4 e5 27. Be3 d5 28.
Na5 Qa8 29. c5 d4 30. Bf2 Be7 31. c6 Nb8 32. Qe4 Bg5 33. Rd1 Nxc6 34. Nxc6 Rxc6
35. Rxc6 Qxc6 36. Qxe5 Bf6 37. Qf5 Rd8 38. g3 g6 39. Qd3 Bg7 40. Rd2 Qe6 41. Kg2
Qd6 42. Rc2 Qd5 43. Rc5 Qa2 44. Rc2 Qe6 45. Re2 Qd5 46. Rd2 Qc6 47. Rc2 Qb5 48.
Rd2 Qa4 49. Rc2 Qb5 50. Rd2 Qb7 51. Qe2 Kh7 52. Rd3 Qb5 53. Qd2 Re8 54. Kg1 Rc8
55. Bxd4 Bxd4+ 56. Rxd4 Qf5 57. Qf2 Qxh3 58. Rd1 Rc3 59. Ra1 Qf5 60. f4 Qd3 61.
g4 Rc2 62. Qe1 Qf3 0-1

[Event "Olimpiade 2024 - Donne"]
[Site "Budapest"]
[Date "15.09.2024"]
[Round "5.30"]
[Board "1"]
[White "Goossens, Hanne"]
[Black "February, Jesse Nikki"]
[Result "0-1"]
[WhiteTitle "WIM"]
[BlackTitle "WIM"]
[WhiteElo "2189"]
[BlackElo "2013"]
[WhiteTeam "Belgium"]
[BlackTeam "South Africa"]
[WhiteFideId "200468"]
[BlackFideId "14312336"]
[EventDate "2024.09.11"]

1. e4 e6 2. d4 d5 3. exd5 exd5 4. Nf3 Bd6 5. c4 Nf6 6. c5 Be7 7. Bd3 O-O 8. O-O
b6 9. Be3 Bg4 10. Nbd2 bxc5 11. dxc5 Nc6 12. Qa4 Bd7 13. Qd1 Rb8 14. a3 a5 15.
Qc2 h6 16. h3 Qc8 17. Rab1 Be6 18. Nb3 Rxb3 19. Qxb3 d4 20. Qc2 dxe3 21. fxe3
Rd8 22. Rbc1 Qb7 23. Qe2 Rb8 24. Rc2 Bb3 25. Rcc1 Bd5 26. e4 Be6 27. Rc2 Nd7 28.
Qf2 Qb3 29. Nd4 Nxd4 30. Qxd4 Qxc2 0-1

[Event "Olimpiade 2024 - Donne"]
[Site "Budapest"]
[Date "15.09.2024"]
[Round "5.30"]
[Board "2"]
[White "Badenhorst, Chloe"]
[Black "Vanduyfhuys, Daria"]
[Result "0-1"]
[WhiteTitle "WFM"]
[BlackTitle "WFM"]
[WhiteElo "1981"]
[BlackElo "2112"]
[WhiteTeam "South Africa"]
[BlackTeam "Belgium"]
[WhiteFideId "14339463"]
[BlackFideId "246336"]
[EventDate "2024.09.11"]

1. d4 Nf6 2. Nf3 e6 3. Bf4 d5 4. e3 c5 5. Nbd2 Nc6 6. c3 Bd6 7. Bg3 O-O 8. Bd3
b6 9. e4 dxe4 10. Nxe4 Nxe4 11. Bxe4 Bb7 12. Qa4 Rc8 13. dxc5 Bxg3 14. hxg3 f5
15. Bc2 bxc5 16. Rd1 Qe7 17. O-O e5 18. Bb3+ Kh8 19. Nd2 Ba8 20. Nc4 Rcd8 21.
Ne3 f4 22. Nd5 Qg5 23. Qe4 Ne7 24. gxf4 Qh4 25. Qxe5 Nxd5 26. Bxd5 Rfe8 27. Qf5
g6 28. Qf7 Re7 29. g3 Rxf7 30. gxh4 Rxd5 31. Rde1 Bc6 32. Re6 Bb5 33. Rfe1 Rxf4
34. Re7 Rg4+ 35. Kh2 Rh5 36. R1e3 Bf1 37. Rg3 Rgxh4+ 0-1

[Event "Olimpiade 2024 - Donne"]
[Site "Budapest"]
[Date "15.09.2024"]
[Round "5.30"]
[Board "3"]
[White "De Rycke, Tyani"]
[Black "Nel, Hayley"]
[Result "1-0"]
[WhiteTitle "WFM"]
[WhiteElo "2110"]
[BlackElo "1753"]
[WhiteTeam "Belgium"]
[BlackTeam "South Africa"]
[WhiteFideId "247936"]
[BlackFideId "14338688"]
[EventDate "2024.09.11"]

1. e4 c6 2. d4 d5 3. Nc3 dxe4 4. Nxe4 Nd7 5. Bd3 Ngf6 6. Nxf6+ Nxf6 7. Ne2 Bf5
8. O-O Bxd3 9. Qxd3 g6 10. Bf4 Bg7 11. Rad1 O-O 12. c4 Qa5 13. Be5 b5 14. a3
Rfd8 15. Rc1 Nd7 16. Bxg7 Kxg7 17. Qe4 Nb6 18. cxb5 cxb5 19. Qe5+ Kg8 20. Nc3
Nc4 21. Qxe7 Rxd4 22. Qc5 Rdd8 23. b4 Qb6 24. Nxb5 Nd6 25. Nxd6 Rxd6 26. g3 Rd3
27. a4 Qb7 28. Rfd1 Rxd1+ 29. Rxd1 Rc8 30. Qd4 Qf3 31. Qd3 Qg4 32. Qd7 Qc4 33.
Rd4 Qc1+ 34. Kg2 Qc3 35. b5 Qc7 36. a5 Qb8 37. b6 axb6 38. axb6 Kg7 39. Rf4 Rf8
40. b7 Qd8 41. Rxf7+ Kh6 42. Qh3+ 1-0

[Event "Olimpiade 2024 - Donne"]
[Site "Budapest"]
[Date "15.09.2024"]
[Round "5.30"]
[Board "4"]
[White "Strong, Davida"]
[Black "Musabayeva, Diana"]
[Result "0-1"]
[WhiteElo "1733"]
[BlackElo "1911"]
[WhiteTeam "South Africa"]
[BlackTeam "Belgium"]
[WhiteFideId "14333082"]
[BlackFideId "254720"]
[EventDate "2024.09.11"]

1. d4 Nf6 2. c4 e6 3. Nc3 Bb4 4. Qc2 d5 5. cxd5 exd5 6. Bf4 c6 7. e3 O-O 8. Bd3
Re8 9. Nf3 Nbd7 10. a3 Be7 11. Ng5 h6 12. Bh7+ Kf8 13. Nxf7 Kxf7 14. Qg6+ Ke6
15. Bg3 Bd6 16. f4 Nf8 17. f5+ Kd7 18. Qxg7+ Re7 0-1

[Event "Olimpiade 2024 - Donne"]
[Site "Budapest"]
[Date "15.09.2024"]
[Round "5.31"]
[Board "1"]
[White "Castillo Beitia, Ashley Alexandra"]
[Black "Martynkova, Olena"]
[Result "1/2-1/2"]
[WhiteTitle "WFM"]
[BlackTitle "WIM"]
[WhiteElo "2071"]
[BlackElo "2176"]
[WhiteTeam "Panama"]
[BlackTeam "Lithuania"]
[WhiteFideId "6606687"]
[BlackFideId "14134039"]
[EventDate "2024.09.11"]

1. d4 Nf6 2. Bf4 g6 3. e3 Bg7 4. Nf3 O-O 5. h3 d6 6. Be2 Nc6 7. c4 Ne4 8. Nc3 f5
9. Bh2 e5 10. O-O exd4 11. exd4 Ng5 12. Nb5 Nxf3+ 13. Bxf3 a6 14. Bxc6 bxc6 15.
Nc3 Rb8 16. Qd2 Qf6 17. Rad1 f4 18. f3 g5 19. Kh1 Bf5 20. Bg1 Rfe8 21. Rfe1 Qf7
22. b3 Bg6 23. Bf2 h6 24. Kg1 Rbd8 25. Qc1 Qf5 26. Qd2 Qc2 27. Qxc2 Bxc2 28. Rc1
Bf5 29. Red1 Kf7 30. Kf1 Rb8 1/2-1/2

[Event "Olimpiade 2024 - Donne"]
[Site "Budapest"]
[Date "15.09.2024"]
[Round "5.31"]
[Board "2"]
[White "Limontaite, Simona"]
[Black "Chung Hurtado, Yaleika"]
[Result "1-0"]
[WhiteTitle "WIM"]
[BlackTitle "WFM"]
[WhiteElo "2177"]
[BlackElo "1832"]
[WhiteTeam "Lithuania"]
[BlackTeam "Panama"]
[WhiteFideId "12802506"]
[BlackFideId "6600603"]
[EventDate "2024.09.11"]

1. d4 d5 2. c4 e6 3. Nc3 a6 4. e3 dxc4 5. Bxc4 b5 6. Bb3 Bb7 7. Nf3 Nf6 8. O-O
c5 9. Qe2 Nbd7 10. Rd1 Qb8 11. d5 exd5 12. Nxd5 Nxd5 13. Bxd5 Bxd5 14. Rxd5 Nf6
15. Rd1 Be7 16. a4 O-O 17. axb5 Qxb5 18. Qc2 Rfd8 19. Bd2 Qd3 20. Qxd3 Rxd3 21.
Ne5 Rd5 22. Nc6 Bf8 23. Be1 Rxd1 24. Rxd1 Rc8 25. Na5 Rb8 26. Nc4 Be7 27. f3 Rd8
28. Ra1 Ra8 29. e4 Ne8 30. Bg3 f6 31. Nb6 Ra7 32. Nc8 Rb7 33. Nxe7+ Rxe7 34.
Rxa6 Rb7 35. Ra2 Kf7 36. Kf1 g6 37. Bf2 c4 38. Ra7 Rxa7 39. Bxa7 Nd6 40. Bd4 Nb5
41. Bc3 Ke6 42. Ke2 f5 43. Ke3 g5 44. exf5+ Kxf5 45. g4+ Ke6 46. Ke4 h5 47. gxh5
Nd6+ 48. Kd4 Nf5+ 49. Kxc4 Nh4 50. h6 1-0

[Event "Olimpiade 2024 - Donne"]
[Site "Budapest"]
[Date "15.09.2024"]
[Round "5.31"]
[Board "3"]
[White "Vasquez Jaen, Lourdes Lorena"]
[Black "Simkunaite, Gabija"]
[Result "1/2-1/2"]
[BlackTitle "WFM"]
[WhiteElo "1821"]
[BlackElo "2005"]
[WhiteTeam "Panama"]
[BlackTeam "Lithuania"]
[WhiteFideId "6605559"]
[BlackFideId "12808253"]
[EventDate "2024.09.11"]

1. e4 e5 2. Nf3 Nf6 3. d3 Nc6 4. g3 d6 5. Bg2 Bg4 6. c3 Qd7 7. h3 Bxf3 8. Qxf3
Be7 9. Nd2 Rd8 10. Nc4 d5 11. exd5 Nxd5 12. O-O Nb6 13. Re1 Nxc4 14. dxc4 O-O
15. Be3 Qe6 16. Qe2 Kh8 17. Kh2 f5 18. Bd4 e4 19. Rad1 Nxd4 20. Rxd4 Rxd4 21.
cxd4 Bf6 22. d5 Qb6 23. f3 Be5 24. fxe4 f4 25. gxf4 Rxf4 26. Kh1 Qg6 27. Rf1 Qg3
28. Rxf4 Qxf4 29. Bf1 g5 30. Qg2 Kg7 31. b3 h6 32. Be2 b6 33. Bf1 Kg6 34. Be2 h5
35. Bd1 a5 36. Be2 Kh6 37. Bd1 Kg6 38. Be2 Kh6 39. Bd1 Bd6 40. Be2 Kg6 41. Bd1
h4 42. Be2 Kh6 43. Bd1 Kg7 44. Be2 Be5 45. Bd1 Qe3 46. Qg4 Bf6 1/2-1/2

[Event "Olimpiade 2024 - Donne"]
[Site "Budapest"]
[Date "15.09.2024"]
[Round "5.31"]
[Board "4"]
[White "Sibajeva, Marija"]
[Black "Caicedo Rios, Layla Yasmira"]
[Result "1-0"]
[WhiteTitle "WFM"]
[WhiteElo "2007"]
[BlackElo "1803"]
[WhiteTeam "Lithuania"]
[BlackTeam "Panama"]
[WhiteFideId "12807583"]
[BlackFideId "6609279"]
[EventDate "2024.09.11"]

1. e4 c5 2. Nf3 d6 3. d4 cxd4 4. Nxd4 Nf6 5. Nc3 a6 6. h3 e5 7. Nb3 Be6 8. f4
Nc6 9. Be2 exf4 10. Bxf4 d5 11. exd5 Nxd5 12. Nxd5 Qxd5 13. Qxd5 Bxd5 14. O-O
Be7 15. Rad1 Be6 16. Bf3 O-O 17. Bxc6 bxc6 18. Bd6 Rfe8 19. Bxe7 Rxe7 20. Rd6
Rc7 21. Nc5 Bc4 22. Rf4 Bxa2 23. b3 Re8 24. Rf1 1-0

[Event "Olimpiade 2024 - Donne"]
[Site "Budapest"]
[Date "15.09.2024"]
[Round "5.32"]
[Board "1"]
[White "Samaganova, Aleksandra"]
[Black "De Blecourt, Sandra"]
[Result "0-1"]
[WhiteTitle "WFM"]
[BlackTitle "CM"]
[WhiteElo "1948"]
[BlackElo "2065"]
[WhiteTeam "Kyrgyzstan"]
[BlackTeam "Denmark"]
[WhiteFideId "13800221"]
[BlackFideId "1004948"]
[EventDate "2024.09.11"]

1. c4 c5 2. Nc3 Nc6 3. g3 g6 4. Bg2 Bg7 5. e4 d6 6. d3 e6 7. Nge2 Nge7 8. O-O
O-O 9. a3 b6 10. Rb1 Bb7 11. b4 Qd7 12. Be3 Nd4 13. f4 f5 14. Bf2 Nec6 15. h3
Nxe2+ 16. Nxe2 e5 17. Qd2 Rae8 18. Kh2 Nd8 19. fxe5 Bxe5 20. Be3 fxe4 21. Rxf8+
Rxf8 22. dxe4 Qe6 23. Qd3 Re8 24. Re1 Nf7 25. Bd2 g5 26. Nc3 Bd4 27. Nd5 Ne5 28.
Qe2 Rf8 29. Rf1 Rxf1 30. Qxf1 h6 31. Qe2 Kg7 32. a4 Qf7 33. Be1 Bc8 34. b5 g4
35. h4 Nf3+ 36. Bxf3 gxf3 37. Qf1 f2 38. Bd2 Qf3 39. Nf4 Qxe4 40. Nh5+ Kg6 41.
Nf4+ Kh7 42. Nd5 Bf5 43. Be3 Qf3 44. Bxd4 cxd4 45. Nf4 d3 46. c5 dxc5 47. Ng2
Qe2 0-1

[Event "Olimpiade 2024 - Donne"]
[Site "Budapest"]
[Date "15.09.2024"]
[Round "5.32"]
[Board "2"]
[White "Kakulidis, Ellen"]
[Black "Zhanybekova, Begimay"]
[Result "1/2-1/2"]
[WhiteTitle "WFM"]
[BlackTitle "WCM"]
[WhiteElo "2048"]
[BlackElo "1784"]
[WhiteTeam "Denmark"]
[BlackTeam "Kyrgyzstan"]
[WhiteFideId "1444972"]
[BlackFideId "13819356"]
[EventDate "2024.09.11"]

1. d4 Nf6 2. g3 g6 3. Bg2 Bg7 4. e4 d6 5. Nc3 O-O 6. Nge2 e5 7. h3 Nc6 8. Be3
exd4 9. Nxd4 Bd7 10. O-O Re8 11. Re1 a5 12. a4 Nxd4 13. Bxd4 Bc6 14. Qd3 Nd7 15.
Bxg7 Kxg7 16. f4 f6 17. b3 Nc5 18. Qd4 Ne6 19. Qd2 Qb8 20. Rad1 Qa7+ 21. Kh2
Rad8 22. Nd5 Qc5 23. Re2 Bxd5 24. exd5 Nf8 25. Rde1 Kf7 26. Qd3 Qb4 27. Rxe8
Rxe8 28. Rxe8 Kxe8 29. Qe2+ Kf7 30. Bf3 Qd4 31. Bg2 b6 32. Qe1 f5 33. Qe2 Qf6
34. Bf3 Nd7 35. Kg2 Nc5 36. Kf2 Qd4+ 37. Kg2 Qf6 38. Kf2 Qd4+ 39. Kg2 Qf6 1/2-1/2

[Event "Olimpiade 2024 - Donne"]
[Site "Budapest"]
[Date "15.09.2024"]
[Round "5.32"]
[Board "3"]
[White "Lesbekova, Assel"]
[Black "Guindy, Esmat Susanne"]
[Result "1-0"]
[WhiteTitle "WCM"]
[BlackTitle "WFM"]
[WhiteElo "1903"]
[BlackElo "2015"]
[WhiteTeam "Kyrgyzstan"]
[BlackTeam "Denmark"]
[WhiteFideId "13713248"]
[BlackFideId "1401637"]
[EventDate "2024.09.11"]

1. e4 e6 2. d4 d5 3. Nc3 Nf6 4. Qd3 c5 5. exd5 Nxd5 6. dxc5 Bxc5 7. Ne4 Be7 8.
Qg3 O-O 9. Bh6 Bf6 10. O-O-O Nd7 11. h4 Kh8 12. Bg5 Qb6 13. Nxf6 N7xf6 14. Nh3
Bd7 15. Qb3 Qxb3 16. axb3 Bc6 17. c4 Nb4 18. Bd2 a5 19. f3 Nh5 20. Bxb4 axb4 21.
Bd3 Ng3 22. Rhe1 Rfd8 23. Nf2 g6 24. Bb1 Kg7 25. Nd3 Nf5 26. Nxb4 Nxh4 27. Rxd8
Rxd8 28. Nxc6 bxc6 29. Re2 Kf6 30. c5 Nf5 31. Bxf5 Kxf5 32. Kc2 e5 33. Kc3 h5
34. b4 Ke6 35. b5 cxb5 36. Kb4 Rb8 37. Rd2 g5 38. c6 f5 39. Kc5 e4 40. b4 e3 41.
Re2 f4 42. Rc2 Ke5 43. c7 Rc8 44. Kxb5 Kd4 45. Kc6 Kd3 46. Rc1 Kd2 47. Ra1 e2
48. b5 e1=Q 49. Rxe1 Kxe1 50. b6 Kf2 51. b7 Rxc7+ 52. Kxc7 Kxg2 53. b8=Q g4 54.
fxg4 hxg4 55. Qb2+ Kg3 56. Qe5 Kf3 57. Kd6 g3 58. Kd5 g2 59. Qe1 Kg4 60. Ke4 Kh3
61. Qd1 1-0

[Event "Olimpiade 2024 - Donne"]
[Site "Budapest"]
[Date "15.09.2024"]
[Round "5.32"]
[Board "4"]
[White "Durrfeld, Sofie Bech"]
[Black "Sezdbekova, Aizhan"]
[Result "1/2-1/2"]
[BlackTitle "WCM"]
[WhiteElo "1937"]
[BlackElo "1799"]
[WhiteTeam "Denmark"]
[BlackTeam "Kyrgyzstan"]
[WhiteFideId "1451324"]
[BlackFideId "13803590"]
[EventDate "2024.09.11"]

1. e4 e5 2. Bc4 Nc6 3. Nc3 g6 4. d3 Bg7 5. Be3 d6 6. a3 Nge7 7. Qd2 Be6 8. Bxe6
fxe6 9. h4 Qd7 10. h5 d5 11. Bh6 Bxh6 12. Qxh6 O-O-O 13. Nf3 gxh5 14. Rxh5 Ng6
15. O-O-O Rdf8 16. Rdh1 Nf4 17. Nxe5 Qd6 18. Nxc6 Nxh5 19. Nxa7+ Kb8 20. Rxh5
Qb6 21. Nab5 Rxf2 22. Rh1 Rhf8 23. Nd1 R2f6 24. Qxh7 Qxb5 25. g4 d4 26. Qg7 Qe8
27. g5 Rg6 28. Qxd4 Rxg5 29. Nc3 Rg2 30. Kb1 Rgf2 31. Qc5 Rf1+ 32. Rxf1 Rxf1+
33. Ka2 Qf8 34. Qa5 Qd6 35. Qb5 Rf8 36. Na4 b6 37. Nc3 Kb7 38. e5 Qd4 39. Qb4
Qxb4 40. axb4 Rf5 41. d4 Rf4 42. Nb5 Kc6 43. Na7+ Kb7 44. Nb5 Kc6 45. Na7+ Kb7
46. Nb5 1/2-1/2

[Event "Olimpiade 2024 - Donne"]
[Site "Budapest"]
[Date "15.09.2024"]
[Round "5.33"]
[Board "1"]
[White "Granados Ortiz, Maria Jose"]
[Black "Maksimovic, Masa"]
[Result "0-1"]
[WhiteTitle "WFM"]
[BlackTitle "WFM"]
[WhiteElo "1935"]
[BlackElo "2093"]
[WhiteTeam "Nicaragua"]
[BlackTeam "Bosnia & Herzegovina"]
[WhiteFideId "6103812"]
[BlackFideId "14408902"]
[EventDate "2024.09.11"]

1. e4 c5 2. Nf3 Nc6 3. d4 cxd4 4. Nxd4 Nf6 5. Nc3 d6 6. Be3 e5 7. Nb3 Be7 8. f3
Be6 9. Qd2 d5 10. exd5 Nxd5 11. Nxd5 Qxd5 12. Qxd5 Bxd5 13. O-O-O O-O-O 14. Bb5
a6 15. Be2 Kc7 16. c4 Be6 17. Rxd8 Rxd8 18. Rd1 f5 19. Rxd8 Bxd8 20. Nc5 Bc8 21.
Na4 Nd4 22. Bd3 g6 23. Nc3 Kd6 24. b4 Be6 25. Ne2 Nc6 26. a3 Bf6 27. Kc2 h5 28.
Bc5+ Kd7 29. Be3 a5 30. Bd2 axb4 31. axb4 Be7 32. c5 Nb8 33. Bb5+ Kd8 34. Kd3
Bf6 35. Bc3 Ke7 36. Kd2 Bd5 37. Bd3 h4 38. Kc2 h3 39. gxh3 Bxf3 40. Ng1 Bd5 41.
Be2 e4 42. Bxf6+ Kxf6 43. Kc3 Ke5 44. h4 f4 45. b5 f3 46. Bf1 e3 47. Kd3 e2 48.
Nxe2 fxe2 49. Bxe2 Nd7 50. c6 bxc6 51. bxc6 Bxc6 52. Ke3 Nf6 53. h3 Be4 54. Bc4
Nd5+ 55. Kf2 Kf4 56. Bb5 Nf6 57. Bc4 Bf3 58. Bf7 Ne4+ 59. Ke1 Bh5 60. Bd5 Nd6
61. Kf2 Nf5 62. Bf7 Nxh4 63. Bxg6 Nxg6 64. Ke1 Ke3 65. Kf1 Nf4 66. h4 Nd3 67.
Kg2 Kf4 68. Kh3 Kf3 69. Kh2 Kg4 70. Kg2 Kxh4 71. Kh2 Bf3 72. Kg1 Kg3 73. Kf1 Bg4
74. Kg1 Bh3 0-1

[Event "Olimpiade 2024 - Donne"]
[Site "Budapest"]
[Date "15.09.2024"]
[Round "5.33"]
[Board "3"]
[White "Munoz Cortez, Anahi Alexandra"]
[Black "Jacimovic, Sara"]
[Result "1/2-1/2"]
[BlackTitle "WFM"]
[WhiteElo "1868"]
[BlackElo "1981"]
[WhiteTeam "Nicaragua"]
[BlackTeam "Bosnia & Herzegovina"]
[WhiteFideId "6109527"]
[BlackFideId "14403668"]
[EventDate "2024.09.11"]

1. e4 e5 2. Nf3 Nc6 3. Bc4 Nf6 4. d3 h6 5. Nbd2 d6 6. c3 g5 7. h3 Bg7 8. Nf1 Ne7
9. g4 d5 10. exd5 Nfxd5 11. Ng3 Rf8 12. Qe2 Qd6 13. Qe4 f5 14. gxf5 Bxf5 15.
Nxf5 Rxf5 16. h4 gxh4 17. Nxh4 Rf7 18. Be3 O-O-O 19. O-O-O Kb8 20. Rdg1 Bf8 21.
Ng6 Rf6 22. Nxe5 Nxe3 23. fxe3 Rc8 24. Rg2 a6 25. d4 c5 26. Rd1 Rf5 27. Nf7 Qf6
28. Be6 cxd4 29. Bxf5 Nxf5 30. Qe5+ Qxe5 31. Nxe5 Nxe3 32. Rg8 dxc3 33. Rdg1
cxb2+ 34. Kxb2 Ka7 35. Kb3 Rc5 36. Rxf8 Rxe5 37. Rg7 Rb5+ 38. Kc3 Nd5+ 39. Kd4
Nb4 40. a4 Nc6+ 41. Kc3 Rb1 42. Rf6 Rh1 43. Kb2 Rh2+ 44. Ka3 Rh3+ 45. Kb2 Rh2+
46. Ka3 Rh3+ 47. Kb2 Rh2+ 1/2-1/2

[Event "Olimpiade 2024 - Donne"]
[Site "Budapest"]
[Date "15.09.2024"]
[Round "5.33"]
[Board "4"]
[White "Mahmutbegovic Smajilbasic, Nadina"]
[Black "Alvarez Gutierrez, Patricia"]
[Result "1/2-1/2"]
[WhiteTitle "WFM"]
[WhiteElo "1973"]
[BlackElo "1826"]
[WhiteTeam "Bosnia & Herzegovina"]
[BlackTeam "Nicaragua"]
[WhiteFideId "14401550"]
[BlackFideId "6105548"]
[EventDate "2024.09.11"]

1. e4 c6 2. Nc3 d5 3. Nf3 e6 4. d4 Nf6 5. Bd3 Bb4 6. exd5 exd5 7. O-O O-O 8. Ne5
Nbd7 9. Bg5 Bd6 10. Ng4 h5 11. Nxf6+ Nxf6 12. h3 Bc7 13. Ne2 Qd6 14. Bf4 Qe7 15.
Re1 Re8 16. Qd2 Qd8 17. Bxc7 Qxc7 18. Qg5 Qb6 19. Nf4 Bd7 20. Nxh5 Nxh5 21. Qxh5
g6 22. Bxg6 fxg6 23. Qxg6+ Kh8 24. Qh6+ Kg8 25. Qg6+ Kh8 26. Qh6+ Kg8 27. Qg6+
Kh8 1/2-1/2

[Event "Olimpiade 2024 - Donne"]
[Site "Budapest"]
[Date "15.09.2024"]
[Round "5.34"]
[Board "1"]
[White "Stojkovska, Monika"]
[Black "Serina Arafat"]
[Result "1-0"]
[WhiteTitle "WFM"]
[WhiteElo "2043"]
[BlackElo "1552"]
[WhiteTeam "North Macedonia"]
[BlackTeam "Jordan"]
[WhiteFideId "15002594"]
[BlackFideId "8115362"]
[EventDate "2024.09.11"]

1. d4 d5 2. c4 e6 3. Nc3 Nf6 4. cxd5 exd5 5. Bg5 Be7 6. e3 b6 7. Bd3 Bb7 8. Qc2
Nbd7 9. Nge2 a6 10. Ng3 h6 11. Bf4 O-O 12. Nf5 Rc8 13. Qe2 c5 14. Bd6 Bxd6 15.
Nxd6 Rc7 16. Nxb7 Rxb7 17. Bxa6 Ra7 18. O-O cxd4 19. exd4 Re8 20. Qd3 Nb8 21.
Bb5 Ree7 22. Rfe1 Qd6 23. Qf5 Qd8 24. Re5 Ra5 25. Rae1 Rxe5 26. Rxe5 Qc7 27. h3
Kh8 28. Bd3 Qd8 29. b4 Ra3 30. Nb5 Rxa2 31. g4 Nc6 32. Re1 Nxb4 33. Bb1 Rb2 34.
Nd6 Qf8 35. g5 hxg5 36. Ne8 Nc6 37. Nxf6 Rxb1 38. Qh7# 1-0

[Event "Olimpiade 2024 - Donne"]
[Site "Budapest"]
[Date "15.09.2024"]
[Round "5.34"]
[Board "2"]
[White "Jeda Helal"]
[Black "Zhezhovska, Monika"]
[Result "0-1"]
[WhiteElo "1569"]
[BlackElo "2106"]
[WhiteTeam "Jordan"]
[BlackTeam "North Macedonia"]
[WhiteFideId "8112398"]
[BlackFideId "15007588"]
[EventDate "2024.09.11"]

1. e4 c5 2. Nf3 Nc6 3. d4 cxd4 4. Nxd4 Nf6 5. Nc3 d6 6. Bg5 e6 7. Be2 a6 8. O-O
Be7 9. Kh1 O-O 10. f4 Qc7 11. Qd3 Bd7 12. Rad1 Rfd8 13. f5 b5 14. Qg3 Kh8 15. a3
Rab8 16. Qh4 Ne5 17. Nf3 Kg8 18. Nxe5 dxe5 19. Rd3 b4 20. Rg3 Kh8 21. fxe6 Bxe6
22. axb4 Rxb4 23. Bxf6 Bxf6 24. Rxf6 Qe7 25. Rh6 Qxh4 26. Rxh4 Rxb2 27. Rd3 Rc8
28. Bd1 g6 29. g4 Kg7 30. Rhh3 h5 31. Rhg3 hxg4 32. Bxg4 Bxg4 33. Rxg4 Rxc2 34.
Nd5 Re2 35. Rc3 Rb8 36. Rc1 Rbb2 37. h4 a5 38. Kg1 a4 39. Nc3 Red2 40. Nxa4 Rb4
41. Nc5 Rbb2 42. h5 Kh6 43. hxg6 fxg6 44. Ne6 Kh5 45. Rg5+ Kh6 46. Rg3 Kh5 47.
Rf1 Re2 48. Ng7+ Kh6 49. Ne6 Kh5 50. Rgf3 Rg2+ 0-1

[Event "Olimpiade 2024 - Donne"]
[Site "Budapest"]
[Date "15.09.2024"]
[Round "5.34"]
[Board "3"]
[White "Trajkovska, Sanja"]
[Black "Boshra, Alshaeby"]
[Result "0-1"]
[BlackTitle "WIM"]
[WhiteElo "1921"]
[BlackElo "1939"]
[WhiteTeam "North Macedonia"]
[BlackTeam "Jordan"]
[WhiteFideId "15001822"]
[BlackFideId "8102937"]
[EventDate "2024.09.11"]

1. e4 c6 2. d4 d5 3. e5 Bf5 4. h4 h5 5. Bd3 Bxd3 6. Qxd3 Qa5+ 7. Nd2 e6 8. Nf3
Nh6 9. O-O Nf5 10. g3 Qa6 11. c4 c5 12. Qc3 Nc6 13. cxd5 Ncxd4 14. Nxd4 Nxd4 15.
Kg2 exd5 16. Nf3 Ne6 17. Bg5 Be7 18. Bxe7 Kxe7 19. Ng5 d4 20. Qd2 Qc6+ 21. Kh2
Rac8 22. Rae1 Nxg5 23. Qxg5+ Kf8 24. Qf5 Rh6 25. e6 Rxe6 26. Qxh5 Kg8 27. Rxe6
Qxe6 28. b3 b6 29. Qf3 Re8 30. a4 Qe2 31. Kg2 Qxf3+ 32. Kxf3 Re6 33. Rd1 Kf8 34.
Rd3 Ke7 35. g4 Kd6 36. g5 Kd5 37. h5 c4 38. bxc4+ Kxc4 39. Rd1 d3 40. Kf4 Kc3
41. Rc1+ Kb2 42. Rh1 d2 43. Rd1 Kc2 44. Ra1 d1=Q 45. Rxd1 Kxd1 46. Kf5 a6 47. f4
b5 48. axb5 axb5 49. g6 Rf6+ 50. Kg5 fxg6 51. h6 Rf5+ 52. Kxg6 Rxf4 0-1